| 000 | 00523nam a2200181Ia 4500 | ||
|---|---|---|---|
| 001 | 9426 | ||
| 005 | 20260306161717.0 | ||
| 008 | 260306t1999||||xx |||||||||||||| ||spa|| | ||
| 041 | _aESP | ||
| 082 |
_a378.9 _bR92 V. 2 |
||
| 100 |
_aRidder-Symoens, Hilde de (ed.) _eAUT |
||
| 245 | 0 |
_aHistoria de la universidad en Europa: _bvolumen II: las universidades en Europa moderna temprana (1500-1800) |
|
| 260 | _c1999 | ||
| 300 |
_axxvi, 765 páginas : _c23 cm. |
||
| 650 | _aGEN | ||
| 654 | _aCED | ||
| 942 |
_cLIB _dJUS _fJUS _2ddc _n |
||
| 999 |
_c9426 _d9426 |
||